00350nam a2200145Ia 450000500170000000800410001702000140005808200160007210000170008824500190010525000090012426000460013330000130017965000120019220240403060150.0240331s9999 xx 000 0 und d a140211713 bARDa330.94 aArdagh, John 4aThe new France a1 st aEngland :bThe french revolution /c1968. a719 p ., aEconomy